| 000 | 00638nam a22001937a 4500 | ||
|---|---|---|---|
| 999 |
_c15187 _d15187 |
||
| 003 | OSt | ||
| 082 | _2631.75807 ARU/AS | ||
| 088 | _aP 175 | ||
| 100 |
_aARUN JOSE _93389 |
||
| 245 | _aAssessment of runoff and erosion using GIS | ||
| 260 |
_aTavanur 2007 _bDepartment of Land and Water Resources and Conservation Engineering |
||
| 300 | _a68 | ||
| 500 | _aAssessment of runoff and erosion using GIS | ||
| 520 | _aAssessment of runoff and erosion using GIS | ||
| 700 |
_aRenjith Thomas _93390 |
||
| 700 |
_aEr. K. K Sathian (Guide) _93391 |
||
| 856 | _uhttps://drive.google.com/open?id=1scvDnVDbYmTHlzWz8Gh0G5_id9DOAFKX | ||
| 942 | _cPR | ||